| 000 | 00431cam a2200169ua 4500 | ||
|---|---|---|---|
| 001 | 2854 | ||
| 008 | 190506n II |||gr||||Z||||||eng | ||
| 040 | _aMAIN | ||
| 041 | _aEnglish | ||
| 082 | _a342.0254 AGA | ||
| 100 | _aAGARWAL. | ||
| 245 | _aCONSTITUTIONAL DEVELOPMENT OF INDIA AND NATIONAL MOVEMENT | ||
| 260 |
_aNEW DELHI _bS.CHAND & COMPANY _c1986. |
||
| 300 |
_a540: _c24CM. |
||
| 653 | _aCONSTITUTION OF INDIA | ||
| 942 | _cBK | ||
| 999 |
_c2848 _d2848 |
||